| 000 | 00657nam a22002657a 4500 | ||
|---|---|---|---|
| 008 | 130513b xxu||||| |||| 00| 0 eng d | ||
| 020 | _a 8-32501-694-1 | ||
| 024 | _cavailable | ||
| 037 | _cavailable | ||
| 040 | _aMBSTU LIbrary | ||
| 082 |
_222 _a425 FIC |
||
| 100 | _aFitikides, T J | ||
| 110 | _a | ||
| 245 | _aCommon Mistake in English | ||
| 250 | _a5th edition | ||
| 260 |
_aLondon _bLongman Group _c2003 |
||
| 300 |
_a11.5 cm _b200 page _f10 _g11.5 cm |
||
| 600 | _aEnglish Grammar | ||
| 700 | _aFitikides, T J | ||
| 710 | _a | ||
| 270 |
_aLondon _bLondon _dUK |
||
| 365 |
_b56.00 _d56.00 |
||
| 942 |
_2ddc _cBK |
||
| 999 |
_c368 _d368 |
||